Love, sex and marriage thorugh the ages

محفوظ في:
التفاصيل البيبلوغرافية
المؤلف الرئيسي: Mursteim, Bernard
التنسيق: كتاب
اللغة:الإنجليزية
الوسوم: إضافة وسم
لا توجد وسوم, كن أول من يضع وسما على هذه التسجيلة!

MARC

LEADER 00000nam a2200000 4500
005 20240731183757.0
008 240731b |||||||| |||| 00| 0 eng d
040 |c GP 
100 |a Mursteim, Bernard 
245 |a Love, sex and marriage thorugh the ages 
942 |2 ddc  |c BK  |n 0 
952 |0 0  |1 0  |2 ddc  |4 0  |6 810_000000000000000_MUR  |7 1  |9 1739  |a RM  |b RM  |d 2024-07-31  |l 0  |o 810 MUR  |p 524  |r 2024-07-31 18:38:14  |w 2024-07-31  |y BK 
999 |c 1555  |d 1555